Tài liệu chuyên toán : Bài tập hình học 11
Quyển Tài liệu chuyên toán: bài tập hình học 11 gồm có 2 phần chính: Đề bài; Hướng dẫn đề bài và đáp số. Tài liệu giúp giáo viên trong việc giảng dạy trong các trường chuyên, đối với học sinh đây là tài liệu bổ ích trong việc học tập,...
Gardado en:
| Autor Principal: | |
|---|---|
| Formato: | Libro |
| Idioma: | Undetermined |
| Publicado: |
Hà Nội
Giáo dục Việt Nam
2013
|
| Các nhãn: |
Engadir etiqueta
Sen Etiquetas, Sexa o primeiro en etiquetar este rexistro!
|
| Thư viện lưu trữ: | Trung tâm Học liệu Trường Đại học Cần Thơ |
|---|
| LEADER | 01025nam a2200205Ia 4500 | ||
|---|---|---|---|
| 001 | CTU_184927 | ||
| 008 | 210402s9999 xx 000 0 und d | ||
| 020 | |c 42000 | ||
| 082 | |a 516.00712 | ||
| 082 | |b Qu609 | ||
| 100 | |a Đoàn, Quỳnh | ||
| 245 | 0 | |a Tài liệu chuyên toán : | |
| 245 | 0 | |b Bài tập hình học 11 | |
| 245 | 0 | |c Đoàn Quỳnh ... [et al.] (Chủ biên) | |
| 260 | |a Hà Nội | ||
| 260 | |b Giáo dục Việt Nam | ||
| 260 | |c 2013 | ||
| 520 | |a Quyển Tài liệu chuyên toán: bài tập hình học 11 gồm có 2 phần chính: Đề bài; Hướng dẫn đề bài và đáp số. Tài liệu giúp giáo viên trong việc giảng dạy trong các trường chuyên, đối với học sinh đây là tài liệu bổ ích trong việc học tập, nâng cao kiến thức và kĩ năng của bản thân. | ||
| 904 | |i Bành Ngọc Trang | ||
| 980 | |a Trung tâm Học liệu Trường Đại học Cần Thơ | ||